LIBRARY & INFORMATION CENTRE, KCAET, TAVANUR

ONLINE PUBLIC ACCESS CATALOGUE (OPAC)

Irrigation and water power engineering (Record no. 13770)

MARC details
000 -LEADER
fixed length control field 00421nam a22001577a 4500
003 - CONTROL NUMBER IDENTIFIER
control field OSt
008 - FIXED-LENGTH DATA ELEMENTS--GENERAL INFORMATION
fixed length control field 241107b |||||||| |||| 00| 0 eng d
020 ## - INTERNATIONAL STANDARD BOOK NUMBER
ISBN 9788120335875
082 ## - DEWEY DECIMAL CLASSIFICATION NUMBER
Classification number 631.587
Item number DAS/IR
100 ## - MAIN ENTRY--AUTHOR NAME
Personal name Das, Madan Mohan
245 ## - TITLE STATEMENT
Title Irrigation and water power engineering
260 ## - PUBLICATION, DISTRIBUTION, ETC. (IMPRINT)
Place of publication New Delhi
Name of publisher PHI Learning Private Limited
Year of publication 2011
300 ## - PHYSICAL DESCRIPTION
Number of Pages 425p
700 ## - ADDED ENTRY--PERSONAL NAME
Personal name Saikia, Mimi Das
942 ## - ADDED ENTRY ELEMENTS (KOHA)
Koha item type Books
Holdings
Withdrawn status Lost status Damaged status Collection code Home library Current library Shelving location Date acquired Source of acquisition Cost, normal purchase price Full call number Accession Number Koha item type
      Non-fiction KAUAET KAUAET Shelf- 13A 31/03/2012 Dreamtech, Tvpm 350.00 631.587 DAS/IR 23131 Books
free website counter